03459nam a2200541Ia 45000010005000000080041000050100009000460410014000550820023000692450148000922600013002403000007002535200007002606300012002676300013002796300039002926500022003316900014003537000032003677000038003997000042004379010089004799020006005689030040005749040018006149050025006329060006006579070014006639080014006779090051006919100015007429110010007579120014007679130009007819140024007909150012008149160009008269170009008359180014008449190023008585201977008819210007028589220007028659230006028729240014028789420010028929990015029021803241029s9999 xx 000 0 und d a1687 aEspañol aMA-ES 0032 FH 2009 0aEl espacio físico como condicionante de la calidad del proceso Enseñanza-Aprendizaje, en el Centro Universitario Regional del Oeste (CURO). aSan Juan a56 a12 aCalidad aFactores aProceso de Enseñanza-Aprendizaje aCalidad Educativa aElaborado easesoraDíaz, Luis Amaury eautoraPérez Colón, Margarita eautoraRamírez Rodríguez, Daysi M a{"1":"Pérez Colón","2":"Ramírez Rodríguez"}b{"1":"Margarita","2":"Daysi M"} a1 a{"1":"Díaz"}b{"1":"Luis Amaury"} aMaestría en aEnseñanza Superior a2 aNO APLICA aNO APLICA aUniversidad Autónoma de Santo Domingo (UASD) aNULLbNULL a["1"] aNO APLICA aNULL a01 de Julio de 2009 a-693625 aNULL aNULL aNO APLICA a["28","243","163"] aEl objetivo principal de esta investigación consistió en determinar la incidencia del espacio físico en la calidad del proceso Enseñanza-Aprendizaje, en el Centro Regional del Oeste (CURO).La metodología utilizada fue de tipo diagnóstica descriptiva, de campo, cuantitativa, estadística, inductivo y deductivo. Como técnicas e instrumento se empleo: entrevistas, revisión bibliográfica, análisis documental, la observación, fichas de observación y dos cuestionarios. La muestra de este estudio la conformaron treinta y tres (33) docentes y noventa y cinco (95) estudiantes, del Centro Universitario Regional del Oeste (CURO).Los análisis realizados indican que el espacio físico donde se desarrolla la docencia universitaria a los estudiantes del CURO (Logia casa de la 27 de febrero, Colegio Cristo Redentor, El Techado), son totalmente inadecuados e impertinentes, los locales están distantes uno del otro. Los profesores tienen que trabajar en espacios muy restringidos, en condiciones infrahumanas. Estos no disponen de ambiente educativo donde importan una docencia ajustada al uso de métodos y técnicas de aprendizaje, que garanticen el que sus estudiantes pueden desarrollarse a plenitud. En los locales se nota una alta concentración de estudiantes.El estudio recomienda, que las autoridades gubernamentales y educativas se interesen por resolver esta problemática que viene afectando a los estudiantes y egresados del CURO, ya que el no contar con una estructura adecuada a los tiempos modernos, el proceso de Enseñanza-Aprendizaje se ve limitado. Debe asumirse como un compromiso de todas las autoridades que conforman la Región del Valle, aunar esfuerzos en la búsqueda de una solución rápida, con la mira a la terminación urgente del Centro Regional del Oeste CURO, lo que vendría a resolver todas las problemáticas enfocadas en este estudio.Para visualizar este estudio en su totalidad haga click aquí a16 a16 a0 aNO APLICA cTesis c1687d1687